000 00692nam a2200253Ia 4500
003 OSt
005 20220918163502.0
006 a|||||r|||| 00| 0
007 ta
008 220917b |||||||| |||| 00| 0 eng d
020 _a0048000051
024 _a29,356
037 _cTextual
040 _aARTS
_cARTS
_beng
041 _2eng
_aeng
082 _aO111,3:g(Y:1), M1
100 _aGilmour Robin
_913395
245 0 _aIdea of the gentleman in the victorian novel
260 _aLonodn
_bGeorge Akllen And Unwin UK
_c1981
300 _a190p.
_ccm.
650 _aENGLISH LITERATURE
942 _hO111,3:g(Y:1), M1
_cTEXL
_2CC
999 _c119807
_d119807